[Event "V Sunway Sitges Open 2018"]
[Site "Sitges"]
[Date "2018.12.17"]
[Round "4"]
[White "Walter Travella, German"]
[Black "Garcia Ruiz, Adrian"]
[Result "1-0"]
[WhiteElo "1917"]
[BlackElo "1977"]
[Annotator "NA"]
[PlyCount "45"]
[EventDate "2018.12.14"]
[EventType "swiss"]
[EventCountry "ESP"]
[SourceTitle "playchess.com"]
[Source "ChessBase"]
[SourceQuality "1"]
[TimeControl "40/5400+30:1800+30"]

1. e4 {[%emt 0:00:10]} e5 {[%emt 0:30:23]} 2. Nf3 {[%emt 0:01:16]} Nc6 {[%emt 0:00:02]} 3. Bc4 {[%emt 0:00:12]} Bc5 {[%emt 0:00:03]} 4. c3 {[%emt 0:00:23]} Nf6 {[%emt 0:00:02]} 5. d4 {[%emt 0:00:16]} exd4 {[%emt 0:00:02]} 6. cxd4 {[%emt 0:00:18]} Bb4+ {[%emt 0:00:32]} 7. Nc3 {[%emt 0:00:22]} Nxe4 {[%emt 0:00:38]} 8. O-O {[%emt 0:00:24]} Bxc3 {[%emt 0:00:43]} 9. d5 {[%emt 0:06:15]} Ne5 {[%emt 0:05:32]} 10. Qe2 {[%emt 0:08:06]} Nxf3+ {[%emt 0:11:28]} 11. Qxf3 {[%emt 0:05:17]} O-O {[%emt 0:06:58]} 12. bxc3 {[%emt 0:02:04]} Re8 {[%emt 0:04:10]} 13. Bd3 {[%emt 0:13:43]} Nc5 {[%emt 0:02:39]} 14. d6 {[%emt 0:07:36]} cxd6 {[%emt 0:04:10]} 15. Bc4 {[%emt 0:01:46]} Ne6 {[%emt 0:02:43]} 16. Ba3 {[%emt 0:02:37]} Qc7 {[%emt 0:01:20]} 17. Bd5 {[%emt 0:01:21]} Rb8 {[%emt 0:02:40]} 18. Qg3 {[%emt 0:02:09]} Nc5 {[%emt 0:01:21]} 19. Rfe1 {[%emt 0:01:33]} Rf8 {[%emt 0:00:44]} 20. Qf4 {[%emt 0:01:33]} g6 {[%emt 0:11:43]} 21. Re8 {[%emt 0:01:04]} Rxe8 {[%emt 0:03:24]} 22. Qxf7+ {[%emt 0:00:25]} Kh8 {[%emt 0:00:22]} 23. Qf6# 1-0

[Event "V Sunway Sitges Open 2018"]
[Site "Sitges"]
[Date "2018.12.17"]
[Round "4"]
[White "Gardner, Leo"]
[Black "Empez Garcia, Manuel"]
[Result "1-0"]
[WhiteElo "1470"]
[BlackElo "1532"]
[Annotator "NA"]
[PlyCount "59"]
[EventDate "2018.12.14"]
[EventType "swiss"]
[EventCountry "ESP"]
[SourceTitle "playchess.com"]
[Source "ChessBase"]
[SourceQuality "1"]
[TimeControl "40/5400+30:1800+30"]

1. e4 {[%emt 0:00:00]} c5 {[%emt 0:00:00]} 2. Nf3 {[%emt 0:00:00]} g6 {[%emt 0:01:10]} 3. d4 {[%emt 0:00:00]} Nf6 {[%emt 0:01:23]} 4. Nc3 {[%emt 0:00:55]} e6 {[%emt 0:01:55]} 5. Be3 {[%emt 0:00:19]} cxd4 {[%emt 0:00:34]} 6. Nxd4 {[%emt 0:00:16]} Bg7 {[%emt 0:00:32]} 7. f3 {[%emt 0:00:23]} O-O {[%emt 0:03:35]} 8. Qd2 {[%emt 0:00:23]} a6 {[%emt 0:01:07]} 9. g4 {[%emt 0:01:03]} d6 {[%emt 0:00:08]} 10. h4 {[%emt 0:00:16]} e5 {[%emt 0:01:04]} 11. Nb3 {[%emt 0:01:34]} Nc6 {[%emt 0:00:26]} 12. O-O-O {[%emt 0:00:40]} Ne8 {[%emt 0:02:13]} 13. Nd5 {[%emt 0:06:09]} Rb8 {[%emt 0:01:44]} 14. Be2 {[%emt 0:12:57]} Be6 {[%emt 0:00:51]} 15. Bg5 {[%emt 0:05:28]} f6 {[%emt 0:02:23]} 16. Be3 {[%emt 0:05:49]} b5 {[%emt 0:01:03]} 17. f4 {[%emt 0:08:14]} a5 {[%emt 0:04:01]} 18. f5 {[%emt 0:04:11]} Bf7 {[%emt 0:00:30]} 19. g5 {[%emt 0:01:57]} a4 {[%emt 0:00:44]} 20. Na1 {[%emt 0:00:48]} b4 {[%emt 0:01:36]} 21. h5 Nd4 {[%emt 0:09:16]} 22. fxg6 {[%emt 0:14:31]} Bxd5 {[%emt 0:03:31]} 23. gxh7+ {[%emt 0:01:49]} Kxh7 {[%emt 0:03:33]} 24. g6+ {[%emt 0:00:57]} Kg8 {[%emt 0:01:04]} 25. exd5 {[%emt 0:02:52]} Nf5 {[%emt 0:01:08]} 26. h6 {[%emt 0:04:58]} Nxe3 {[%emt 0:02:21]} 27. Qxe3 {[%emt 0:04:00]} Qe7 {[%emt 0:01:16]} 28. hxg7 {[%emt 0:00:39]} Qxg7 {[%emt 0:00:28]} 29. Qh3 {[%emt 0:02:14]} Qxg6 30. Rdg1 1-0

[Event "V Sunway Sitges Open 2018"]
[Site "Sitges"]
[Date "2018.12.17"]
[Round "4"]
[White "Isaksson, Max"]
[Black "Stanghelle, Anders"]
[Result "1-0"]
[WhiteElo "1409"]
[BlackElo "1472"]
[Annotator "NA"]
[PlyCount "43"]
[EventDate "2018.12.14"]
[EventType "swiss"]
[EventCountry "ESP"]
[SourceTitle "playchess.com"]
[Source "ChessBase"]
[SourceQuality "1"]
[TimeControl "40/5400+30:1800+30"]

1. e4 {[%emt 0:03:05]} c5 {[%emt 0:00:00]} 2. Nf3 {[%emt 0:00:05]} Nc6 {[%emt 0:00:13]} 3. Bb5 {[%emt 0:00:10]} Nd4 {[%emt 0:01:13]} 4. Nxd4 {[%emt 0:08:52]} cxd4 {[%emt 0:00:16]} 5. d3 {[%emt 0:02:40]} Qa5+ {[%emt 0:01:09]} 6. c3 {[%emt 0:01:02]} Qxb5 {[%emt 0:00:23]} 7. cxd4 {[%emt 0:00:04]} Qb4+ {[%emt 0:01:58]} 8. Nc3 {[%emt 0:00:19]} Qxd4 {[%emt 0:01:17]} 9. Be3 {[%emt 0:02:17]} Qd6 {[%emt 0:02:55]} 10. O-O {[%emt 0:01:13]} e5 {[%emt 0:04:42]} 11. Rc1 {[%emt 0:01:34]} Qa6 {[%emt 0:05:14]} 12. Qb3 {[%emt 0:10:22]} Bd6 {[%emt 0:01:47]} 13. Nb5 {[%emt 0:06:44]} Bb8 {[%emt 0:00:30]} 14. Rxc8+ {[%emt 0:11:29]} Ke7 {[%emt 0:00:17]} 15. Nc7 {[%emt 0:09:09]} Bxc7 {[%emt 0:04:09]} 16. Rxa8 {[%emt 0:02:10]} b6 {[%emt 0:01:45]} 17. Qa3+ {[%emt 0:00:53]} Qxa3 {[%emt 0:01:11]} 18. bxa3 {[%emt 0:00:01]} a5 {[%emt 0:00:24]} 19. Rc1 {[%emt 0:00:26]} Bd6 {[%emt 0:02:46]} 20. Rcc8 {[%emt 0:00:56]} Bxa3 {[%emt 0:00:45]} 21. Bxb6 {[%emt 0:00:34]} Bb4 {[%emt 0:00:32]} 22. Bc5+ {[%emt 0:00:46]} 1-0

[Event "V Sunway Sitges Open 2018"]
[Site "Sitges"]
[Date "2018.12.17"]
[Round "4"]
[White "Tateo, Ida"]
[Black "Goris-Schouwstra, Adry"]
[Result "1-0"]
[WhiteElo "1206"]
[BlackElo "1645"]
[Annotator "NA"]
[PlyCount "63"]
[EventDate "2018.12.14"]
[EventType "swiss"]
[EventCountry "ESP"]
[SourceTitle "playchess.com"]
[Source "ChessBase"]
[SourceQuality "1"]
[TimeControl "40/5400+30:1800+30"]

1. e4 {[%emt 0:00:00]} e6 {[%emt 0:00:00]} 2. d4 {[%emt 0:00:00]} d5 {[%emt 0:00:00]} 3. Nc3 {[%emt 0:00:00]} Nf6 {[%emt 0:00:12]} 4. Bg5 {[%emt 0:00:09]} Be7 {[%emt 0:00:13]} 5. e5 Nfd7 6. Bxe7 {[%emt 0:01:15]} Qxe7 {[%emt 0:00:41]} 7. f4 {[%emt 0:00:29]} a6 {[%emt 0:01:46]} 8. Nf3 {[%emt 0:00:39]} c5 {[%emt 0:00:12]} 9. dxc5 {[%emt 0:00:45]} Qxc5 {[%emt 0:00:46]} 10. Qd2 {[%emt 0:00:58]} Nc6 {[%emt 0:01:01]} 11. O-O-O {[%emt 0:01:49]} Nb6 {[%emt 0:01:15]} 12. Nd4 {[%emt 0:04:07]} Bd7 {[%emt 0:04:27]} 13. h4 {[%emt 0:00:53]} Rc8 {[%emt 0:03:36]} 14. Nb3 {[%emt 0:04:27]} Qb4 {[%emt 0:01:44]} 15. a3 {[%emt 0:01:07]} Qe7 {[%emt 0:00:45]} 16. g4 {[%emt 0:02:41]} Nc4 {[%emt 0:03:24]} 17. Bxc4 {[%emt 0:03:43]} dxc4 {[%emt 0:00:25]} 18. Nc5 {[%emt 0:06:45]} Rc7 {[%emt 0:01:07]} 19. N5e4 {[%emt 0:05:17]} O-O {[%emt 0:01:36]} 20. h5 {[%emt 0:06:29]} Rd8 {[%emt 0:06:07]} 21. Nd6 {[%emt 0:02:13]} f6 {[%emt 0:03:12]} 22. exf6 {[%emt 0:10:06]} Qxf6 {[%emt 0:03:36]} 23. f5 {[%emt 0:08:04]} Bc8 {[%emt 0:07:22]} 24. Qh2 {[%emt 0:12:36]} Rcd7 {[%emt 0:07:06]} 25. Nce4 {[%emt 0:04:42]} Qe7 {[%emt 0:03:13]} 26. h6 {[%emt 0:01:31]} exf5 {[%emt 0:01:46]} 27. hxg7 {[%emt 0:02:02]} Qxg7 {[%emt 0:00:43]} 28. gxf5 {[%emt 0:01:18]} Kh8 {[%emt 0:02:34]} 29. f6 {[%emt 0:02:31]} Qf8 {[%emt 0:01:37]} 30. Qf4 {[%emt 0:03:01]} Qg8 {[%emt 0:05:31]} 31. f7 {[%emt 0:02:04]} Qg6 {[%emt 0:01:14]} 32. f8=Q+ {[%emt 0:00:53]} 1-0

[Event "V Sunway Sitges Open 2018"]
[Site "Sitges"]
[Date "2018.12.18"]
[Round "5"]
[White "Andreikin, Dmitry"]
[Black "Vasquez Schroeder, Rodrigo"]
[Result "1-0"]
[WhiteElo "2719"]
[BlackElo "2495"]
[Annotator "TA"]
[PlyCount "59"]
[EventDate "2018.12.14"]
[EventType "swiss"]
[EventCountry "ESP"]
[SourceTitle "playchess.com"]
[Source "ChessBase"]
[SourceQuality "1"]

{[%evp 16,59,13,13,13,13,11,5,26,15,27,24,29,4,8,9,207,201,212,207,194,197,182,179,188,177,177,173,186,169,185,177,177,147,239,236,363,342,348,357,348,287,350,338,357,327]} 1. e4 e5 2. Nf3 Nc6 3. Nc3 Nf6 4. Bb5 Bb4 5. O-O O-O 6. d3 Bxc3 7. bxc3 d6 8. Re1 Qe7 9. h3 {LiveBook: 8 Games. C49: Four Knights: 4 Bb5 Bb4} a6 10. Bxc6 bxc6 11. Rb1 $146 {The position is equal.} ({Predecessor:} 11. d4 a5 12. c4 exd4 13. Nxd4 c5 14. Nb5 Be6 15. Qd3 Nd7 16. Qg3 {1-0 (25) Naiditsch,A (2700)-Brunner,N (2459) Chartres 2017}) 11... h6 12. c4 c5 13. Nh4 Nd5 {...Nc3 is the strong threat.} 14. Qh5 Nb4 15. Rb2 Be6 $2 {[#]} (15... Bd7 $11 {and Black is okay.}) 16. Bxh6 $1 $18 {[%mdl 512]} Qf6 (16... gxh6 17. Qxh6) 17. Bg5 g6 18. Bxf6 {[%csl Gf6][%cal Rh5h8]} gxh5 19. f4 exf4 20. Rf1 Rfb8 21. Rxf4 Nc6 22. Rb3 a5 23. Nf5 Kh7 24. Ng3 Kg6 {[#]} (24... a4 $16 25. Rxb8 Rxb8 26. Nxh5 Nb4) 25. Bh4 $1 Nd4 (25... Rh8 $142 26. Rb7 Ra7) 26. Rf6+ Kh7 {[#]} 27. Bg5 $1 {[%mdl 512] Intending Rh6+ and mate.} Rg8 28. Rh6+ {[%mdl 64] Double Attack} Kg7 29. Rb7 ({But not} 29. Nxh5+ Kf8 $18) ({Weaker is} 29. Rxh5 Nxb3 30. axb3 a4 $11) 29... Kf8 30. h4 {Accuracy: White = 81%, Black = 63%.} ({Don't play} 30. Rxh5 Rc8 $18) 1-0

[Event "V Sunway Sitges Open 2018"]
[Site "Sitges"]
[Date "2018.12.18"]
[Round "5"]
[White "Inarkiev, Ernesto"]
[Black "Dragnev, Valentin"]
[Result "1/2-1/2"]
[WhiteElo "2693"]
[BlackElo "2483"]
[Annotator "TA"]
[PlyCount "102"]
[EventDate "2018.12.14"]
[EventType "swiss"]
[EventCountry "ESP"]
[SourceTitle "playchess.com"]
[Source "ChessBase"]
[SourceQuality "1"]

{[%evp 20,102,6,4,6,7,18,-8,18,-10,0,0,18,8,14,0,0,0,15,0,9,0,13,16,12,14,41,0,12,12,12,12,12,12,12,12,18,18,22,29,31,21,51,0,0,10,79,14,67,41,97,101,104,98,126,-26,-21,-47,-47,-47,-47,-47,-51,-56,-54,-61,0,-48,0,0,0,0,0,0,0,0,0,0,0,0,0,0,0,0,0]} 1. d4 Nf6 2. Nf3 e6 3. Bf4 d5 4. e3 Bd6 5. Nbd2 Bxf4 6. exf4 O-O {D02: 1 d4 d5 2 Nf3 sidelines, including 2...Nf6 3 g3 and 2...Nf6 3 Bf4} (6... Nbd7 7. Bd3 c5 8. c3 Qb6 9. Rb1 Qd6 10. g3 b6 11. O-O Bb7 12. Re1 O-O 13. b4 cxb4 14. cxb4 {1-0 (75) Nakamura,H (2769)-Aronian,L (2764) Leuven 2018}) 7. Bd3 b6 8. Qe2 c5 9. c3 Qd6 10. g3 a5 11. O-O {LiveBook: 3 Games} Nc6 12. a3 Bd7 $146 ({Predecessor:} 12... cxd4 13. cxd4 Bd7 14. h3 {½-½ (41) Richtarsky,L-Schiffer,K Germany 1987}) 13. Rad1 g6 14. Kg2 Rfe8 15. h4 Kg7 16. Rh1 h5 17. Bb1 Bc8 18. Bd3 Bd7 19. Rhe1 Rac8 20. Bb1 cxd4 21. cxd4 Rc7 22. Bd3 Ne7 23. Ne5 Ba4 24. Rc1 Rec8 25. Rxc7 Rxc7 26. Nb1 Be8 27. Nc3 Qd8 28. f3 Nc8 29. g4 Nd6 30. f5 $36 {[%mdl 2048] White has some pressure.} hxg4 $1 31. fxg4 {Black must now prevent fxg6.} exf5 32. gxf5 ({But not} 32. g5 Nh5 $17) 32... Nde4 (32... Nxf5 $11 {remains equal.} 33. Bxf5 gxf5) 33. Bxe4 (33. fxg6 $16 Nxc3 34. bxc3 fxg6 35. Qd2) 33... dxe4 (33... Nxe4 $11 34. Nxe4 dxe4) 34. Qe3 Nd5 ({Black should play} 34... Nh5 $1 $14) 35. Qg3 $16 ({Of course not} 35. Qxe4 $6 Nxc3 36. bxc3 Rxc3 $11) 35... e3 36. Ng4 {And now fxg6 would win.} (36. fxg6 {seems wilder.} fxg6 37. Ng4 Re7 38. Kh2 Re6 39. Nxd5 Qxd5 40. Nxe3 Qh5 41. Ng2) 36... Nxc3 {[#]} 37. bxc3 $2 (37. Qe5+ $1 $16 f6 38. Nxf6 Bc6+ 39. Kh3 (39. d5 Nxd5 40. Ne8+ Kh7 $17)) 37... Rxc3 $11 38. Rxe3 Rxe3 39. Qxe3 {Threatens to win with h5.} Qxh4 40. Qe5+ $1 f6 41. Nxf6 $1 Qxf6 42. Qxe8 gxf5 $15 {[%mdl 4096] Endgame KQ-KQ} (42... Qg5+ $15 43. Kf2 Qxf5+ 44. Ke3 Qh3+ 45. Kd2 Qg2+ 46. Kc3 Qf3+ 47. Kb2 Qg2+ 48. Kc3 Qf3+ 49. Kb2 Qg2+ 50. Kc3) 43. Kf3 Qf8 (43... Qd6 $5 {[%cal Rd6a3]} 44. a4 Kf6 45. Qh8+ Ke6 46. Qg8+ Kd7 47. Qf7+ Kd8 $15) 44. Qe5+ {The position is equal.} Kg6 45. a4 Qa3+ 46. Kf4 Qc1+ 47. Kg3 Qg1+ 48. Kf3 Qh1+ 49. Kg3 Qg1+ 50. Kf3 Qh1+ 51. Kg3 Qg1+ {Accuracy: White = 50%, Black = 50%.} 1/2-1/2

[Event "V Sunway Sitges Open 2018"]
[Site "Sitges"]
[Date "2018.12.18"]
[Round "5"]
[White "Edouard, Romain"]
[Black "Gukesh D"]
[Result "1/2-1/2"]
[WhiteElo "2644"]
[BlackElo "2466"]
[Annotator "TA"]
[PlyCount "61"]
[EventDate "2018.12.14"]
[EventType "swiss"]
[EventCountry "ESP"]
[SourceTitle "playchess.com"]
[Source "ChessBase"]
[SourceQuality "1"]

{[%evp 17,61,39,29,26,22,0,23,0,22,8,0,-14,0,0,0,-18,-27,-21,0,0,0,0,0,0,0,0,0,0,0,0,0,0,0,0,0,0,0,-12,0,0,0,0,0,0,0,0]} 1. e4 c5 2. Nf3 d6 3. Bb5+ Bd7 4. c4 Bxb5 (4... g6 5. Nc3 Bg7 6. d4 cxd4 7. Nxd4 Nf6 8. O-O O-O 9. f3 Bxb5 10. cxb5 a6 11. Be3 axb5 12. Ndxb5 {½-½ (35) Karjakin,S (2773)-Duda,J (2737) chess.com INT 2018}) 5. cxb5 Nf6 6. Nc3 {B52: Sicilian: Moscow Variation with 3...Bd7} g6 7. d4 cxd4 8. Nxd4 Bg7 9. O-O O-O {LiveBook: 12 Games} 10. Bg5 Nbd7 11. Re1 Re8 $146 ({Predecessor:} 11... Rc8 12. h3 {1-0 (40) Misanovic,V (2335)-Sieber,F (1871) Germany 2013}) 12. Qe2 Rc8 13. Rad1 Qc7 14. f4 e5 15. fxe5 Rxe5 16. Bf4 Ree8 17. Nf3 Nc5 {The position is equal.} 18. Bxd6 Qb6 19. Bxc5 $1 Qxc5+ 20. Qf2 Qxf2+ 21. Kxf2 Ng4+ 22. Kg3 Bxc3 23. bxc3 Nf6 24. e5 Nh5+ 25. Kf2 Rxc3 26. Rd7 Nf4 {[#] Strongly threatening ...Nd3+.} 27. Red1 Rc2+ 28. R1d2 Rxd2+ 29. Rxd2 Ne6 30. Rd7 Rc8 31. Rxb7 {Accuracy: White = 41%, Black = 71%.} 1/2-1/2

[Event "V Sunway Sitges Open 2018"]
[Site "Sitges"]
[Date "2018.12.18"]
[Round "5"]
[White "Adly, Ahmed"]
[Black "Wang, Kevin"]
[Result "1-0"]
[WhiteElo "2626"]
[BlackElo "2449"]
[Annotator "RC"]
[PlyCount "131"]
[EventDate "2018.12.14"]
[EventType "swiss"]
[EventCountry "ESP"]
[SourceTitle "playchess.com"]
[Source "ChessBase"]
[SourceQuality "1"]
[TimeControl "40/5400+30:1800+30"]

1. d4 {[%emt 0:00:02]} d5 {[%emt 0:00:00]} 2. g3 {[%emt 0:00:08]} Nf6 {[%emt 0:01:20]} 3. Bg2 {[%emt 0:00:11]} g6 {[%emt 0:01:14]} 4. c4 {[%emt 0:00:06]} c6 {[%emt 0:00:53]} 5. Qa4 {[%emt 0:00:10]} Bg7 {[%emt 0:06:10]} 6. cxd5 {[%emt 0:00:55]} Nxd5 {[%emt 0:00:29]} 7. Nf3 {[%emt 0:01:42]} O-O {[%emt 0:00:58]} 8. O-O {[%emt 0:00:10]} Bg4 {[%emt 0:04:55]} 9. Rd1 {[%emt 0:01:25]} a5 {[%emt 0:04:11]} 10. Nc3 {[%emt 0:05:07]} Nb4 {[%emt 0:13:09]} 11. Rd2 {[%emt 0:10:37]} Qc8 {[%emt 0:04:43]} 12. Qd1 {[%emt 0:03:50]} Rd8 {[%emt 0:07:26]} 13. Na4 {[%emt 0:02:18]} Nd7 {[%emt 0:09:44]} 14. h3 {[%emt 0:06:00]} Bxf3 {[%emt 0:03:03]} 15. Bxf3 {[%emt 0:00:03]} b5 {[%emt 0:01:36]} 16. Nc3 {[%emt 0:13:29]} Nb6 {[%emt 0:01:29]} 17. a3 {[%emt 0:00:03]} N4d5 {[%emt 0:02:02]} 18. e4 {[%emt 0:04:27]} Nxc3 {[%emt 0:05:06]} 19. bxc3 {[%emt 0:00:10]} Bh6 {[%emt 0:01:52]} 20. Bg4 {[%emt 0:01:01]} e6 {[%emt 0:05:01]} 21. Rd3 {[%emt 0:03:44]} Bxc1 {[%emt 0:00:37]} 22. Qxc1 {[%emt 0:00:14]} a4 {[%emt 0:02:35]} 23. h4 {[%emt 0:03:13]} Nc4 {[%emt 0:01:36]} 24. Rf3 {[%emt 0:04:10]} c5 {[%emt 0:05:07]} 25. h5 {[%emt 0:08:10]} cxd4 {[%emt 0:04:27]} 26. Qf4 {[%emt 0:02:14]} Rd7 {[%emt 0:03:01]} 27. cxd4 {[%emt 0:00:54]} Qc7 {[%emt 0:01:29]} 28. Qh6 {[%emt 0:01:56]} Qd6 {[%emt 0:01:22]} 29. Kg2 {[%emt 0:08:01]} Qf8 {[%emt 0:01:27]} 30. Qg5 {[%emt 0:00:08]} Qe7 {[%emt 0:01:34]} 31. Rf6 {[%emt 0:02:08]} h6 {[%emt 0:05:05]} 32. Qxb5 {[%emt 0:00:17]} Qxf6 {[%emt 0:00:15]} 33. Qxd7 {[%emt 0:00:04]} Rd8 {[%emt 0:00:16]} 34. Qc7 {[%emt 0:00:15]} gxh5 {[%emt 0:00:17]} 35. Bxh5 {[%emt 0:00:16]} Rxd4 {[%emt 0:00:13]} 36. Rb1 {[%emt 0:02:12]} Kg7 {[%emt 0:00:57]} 37. Qa7 {[%emt 0:06:01]} Nd6 {[%emt 0:00:51]} 38. Rb2 {[%emt 0:02:19]} Rxe4 {[%emt 0:00:48]} 39. Rb8 {[%emt 0:00:13]} Re5 {[%emt 0:00:43]} 40. Bf3 {[%emt 0:00:00]} Ne4 {[%emt 0:00:00]} 41. Qxa4 {[%emt 0:20:42]} Ng5 {[%emt 0:04:56]} 42. Bg4 {[%emt 0:01:18]} Qe7 {[%emt 0:19:29]} 43. Qa8 {[%emt 0:06:44]} Qd6 {[%emt 0:00:42]} 44. Rd8 {[%emt 0:00:21]} Qc5 {[%emt 0:03:12]} 45. Rg8+ {[%emt 0:01:42]} Kf6 {[%emt 0:00:58]} 46. Qd8+ {[%emt 0:00:31]} Qe7 {[%emt 0:00:01]} 47. Qxe7+ {[%emt 0:04:04]} Kxe7 {[%emt 0:00:01]} 48. f4 {[%emt 0:00:02]} Ra5 {[%emt 0:02:49]} 49. fxg5 {[%emt 0:00:09]} hxg5 {[%emt 0:00:02]} 50. Bf3 {[%emt 0:01:21]} Rxa3 {[%emt 0:00:08]} 51. Rxg5 {[%emt 0:00:03]} f5 {[%emt 0:00:05]} 52. Bh5 {[%emt 0:05:01]} Kf6 {[%emt 0:01:13]} 53. Rg6+ {[%emt 0:00:03]} Ke5 {[%emt 0:00:03]} 54. Bf3 {[%emt 0:01:34]} Ra2+ {[%emt 0:00:13]} 55. Kf1 {[%emt 0:00:14]} f4 {[%emt 0:01:58]} 56. g4 {[%emt 0:01:22]} Ra3 {[%emt 0:01:12]} 57. Kf2 {[%emt 0:00:18]} Re3 {[%emt 0:00:42]} 58. Rh6 {[%emt 0:01:02]} Ra3 {[%emt 0:00:25]} 59. Rg6 {[%emt 0:01:53]} Re3 {[%emt 0:00:14]} 60. Rg8 {[%emt 0:00:07]} Ra3 {[%emt 0:00:32]} 61. Rf8 {[%emt 0:00:06]} Ra2+ {[%emt 0:00:27]} 62. Be2 {[%emt 0:00:04]} Ra3 {[%emt 0:00:14]} 63. Rb8 {[%emt 0:00:39]} Rg3 {[%emt 0:02:54]} 64. Rb4 {[%emt 0:01:13]} Rh3 {[%emt 0:00:31]} 65. Bf3 {[%emt 0:00:11]} Rg3 {[%emt 0:00:08]} 66. Re4+ {[%emt 0:00:06]} 1-0

[Event "V Sunway Sitges Open 2018"]
[Site "Sitges"]
[Date "2018.12.18"]
[Round "5"]
[White "Lagarde, Maxime"]
[Black "Krishna Teja, N."]
[Result "1/2-1/2"]
[WhiteElo "2616"]
[BlackElo "2340"]
[Annotator "TA"]
[PlyCount "241"]
[EventDate "2018.12.14"]
[EventType "swiss"]
[EventCountry "ESP"]
[SourceTitle "playchess.com"]
[Source "ChessBase"]
[SourceQuality "1"]

{[%evp 9,241,13,38,9,14,14,6,-2,0,-8,-6,-10,0,0,-10,-18,-2,-2,16,14,25,18,18,2,2,6,0,0,0,0,2,0,8,2,11,2,9,4,1,6,3,0,8,0,0,0,0,0,0,0,0,0,0,0,0,0,0,0,0,-8,-8,-8,-8,-8,-8,-8,-8,-8,-8,-8,-8,-8,0,-20,-20,-20,-20,-21,-37,-22,-30,-39,-10,-61,-8,0,0,0,0,0,0,0,0,0,0,0,7,7,7,7,7,6,7,7,7,7,7,7,7,7,7,7,7,7,7,7,7,7,7,7,7,7,8,8,8,8,8,7,7,7,7,7,7,7,7,7,7,6,7,7,7,6,7,6,7,6,6,6,7,6,8,6,8,8,8,8,8,8,8,8,8,8,8,8,8,8,8,8,8,8,8,8,8,8,8,8,8,8,8,8,8,8,8,8,8,8,8,8,8,8,8,8,8,8,8,8,8,8,8,8,8,8,8,8,8,8,8,8,8,8,8,8,8,8,29981,8,29986,29987,29987,29987,29987,29987,29987,29987,29987,29986,29986,0,8,0,0,0,0,0]} 1. c4 c5 2. Nf3 Nf6 3. Nc3 Nc6 4. d4 cxd4 5. Nxd4 d5 {LiveBook: 22 Games} 6. Bf4 {A31: Symmetrical English: 2 Nf3 Nf6 3 d4} (6. Qa4 $5 {[%cal Rd4c6]}) (6. cxd5 Nxd5 7. Nxc6 bxc6 8. Bd2 e5 9. g3 Be6 10. Qa4 Qd7 11. Bg2 Rb8 12. O-O Rxb2 13. Rfd1 Bb4 14. Bc1 Nxc3 15. Rxd7 Nxa4 16. Rxa7 Rxe2 17. Bxc6+ {1-0 (27) Grandelius,N (2644)-Yuffa,D (2515) Lund 2017}) 6... dxc4 $146 ({Predecessor:} 6... a6 7. e3 e6 8. Be2 Bb4 9. O-O O-O 10. Rc1 Re8 11. cxd5 exd5 12. Bf3 h6 13. h3 Ne5 {1-0 (69) Arnaudov,P (2439)-Woloch,O (2107) Katowice 2017}) 7. Nxc6 {[%csl Gc6][%cal Rd1d8]} Qxd1+ 8. Rxd1 {[%csl Gc6][%cal Rd1d8]} bxc6 9. e4 $132 {[%mdl 2048] White is not holding back} Ba6 10. Be2 e6 11. O-O Bb4 12. Bf3 O-O 13. Bd6 Bxd6 14. Rxd6 Rab8 15. Rxc6 Bb7 $1 {[%cal Rb7c6]} 16. Rc7 Rfc8 17. Rxc8+ $1 Rxc8 18. Rd1 g5 19. h3 Kf8 20. Kf1 e5 21. Ke2 Ke7 22. Ke3 Rb8 23. Be2 Bc8 24. Rd2 Be6 25. g3 h5 26. f4 gxf4+ 27. gxf4 exf4+ 28. Kxf4 h4 29. e5 Nd7 30. Bg4 Nc5 31. Nd5+ Bxd5 32. Rxd5 $11 {[%mdl 4096] Endgame KRB-KRN} Nd3+ 33. Kg5 Rxb2 34. Bf5 Rxa2 35. Rd7+ Ke8 36. Rc7 $1 Ra6 37. Rc8+ Ke7 38. Rc7+ Kf8 39. e6 fxe6 40. Bg6 e5 41. Rxc4 Nf4 42. Bf5 Ke7 43. Rc7+ Kd6 44. Rd7+ Kc6 45. Kxh4 Ra3 46. Rh7 (46. Kg5 $11) 46... Kd5 ({Better is} 46... a5 $15) 47. Kg5 Kd4 48. Rd7+ Ke3 49. h4 Ra1 50. Re7 Rg1+ 51. Bg4 Ke4 52. h5 {[#]} Nxh5 $1 {[%mdl 512]} 53. Kxh5 {KRB-KR} a5 54. Ra7 Ra1 55. Bd7 Kd4 56. Bc6 Kc5 57. Be8 Kb6 58. Re7 a4 59. Re6+ Kc7 60. Ra6 a3 61. Bf7 e4 62. Kg4 Kb7 63. Ra4 Kb6 64. Bc4 Kc5 65. Ba6 a2 66. Kf4 e3 67. Be2 Kb6 68. Kxe3 Kc5 69. Kd2 Kb6 70. Bc4 Rh1 71. Rxa2 Kc5 72. Be2 Rh3 73. Ra5+ Kd4 74. Ra4+ Ke5 75. Bd3 Rg3 76. Ke2 Rh3 77. Be4 Rg3 78. Bf3 Rg1 79. Ke3 Rg5 80. Ra6 Kf5 81. Kd4 Rg8 82. Be4+ Kf4 83. Rf6+ Kg5 84. Rf5+ Kg4 85. Ke3 Re8 86. Rf6 Re5 87. Rg6+ Rg5 88. Re6 Ra5 89. Bd3 Rc5 90. Rh6 Re5+ 91. Be4 Re8 92. Rg6+ $1 Kh5 93. Rg1 Rf8 94. Kd4 Kh4 95. Ke5 Rf2 96. Bf5 Rf3 97. Rg2 Rg3 98. Rh2+ Kg5 99. Rh8 Re3+ 100. Be4 {Strongly threatening Rg8+.} Rg3 101. Rf8 Kg4 102. Rf7 Kg5 103. Bf3 Kg6 104. Rf4 Kg7 105. Be4 Ra3 106. Rg4+ Kf8 107. Bd5 Ra6 108. Be6 $1 {White wants to mate with Kf6.} Ke7 109. Rg7+ Kd8 110. Rd7+ Ke8 111. Kf6 Ra1 $2 {[%mdl 8192] [#]} (111... Rc6 $11) 112. Rd2 $2 (112. Rd6 $1 Ra8 113. Bd5 Rc8 114. Bb7 Rb8 115. Bc6+ Kf8 116. Rd5 Rc8 117. Bb7) 112... Rf1+ $2 {[%mdl 8192]} (112... Ra6 $11) 113. Bf5 Rf4 114. Rd1 Rf2 115. Rd3 Rf1 116. Rd4 Rf2 117. Rd5 Rf1 {[#]} 118. Rd2 $2 (118. Rd3 $1 {mates} Rf2 119. Rd1 Rf4 120. Re1+ Kd8 121. Rc1) 118... Rf4 {The position is equal.} 119. Re2+ Kf8 120. Rc2 {[%cal Rc2c8]} Rd4 $1 121. Rc8+ {Accuracy: White = 75%, Black = 81%.} 1/2-1/2

[Event "V Sunway Sitges Open 2018"]
[Site "Sitges"]
[Date "2018.12.18"]
[Round "5"]
[White "Romanov, Evgeny"]
[Black "Santos Ruiz, Miguel"]
[Result "1/2-1/2"]
[WhiteElo "2614"]
[BlackElo "2523"]
[Annotator "TA"]
[PlyCount "35"]
[EventDate "2018.12.14"]
[EventType "swiss"]
[EventCountry "ESP"]
[SourceTitle "playchess.com"]
[Source "ChessBase"]
[SourceQuality "1"]

{[%evp 9,35,0,8,-37,7,1,-1,0,13,18,7,0,0,0,1,-9,19,24,18,11,0,0,0,0,0,1,7,0]} 1. d4 Nf6 2. Bg5 d5 3. e3 c5 4. Bxf6 gxf6 5. dxc5 e6 {LiveBook: 129 Games} 6. Qd4 $146 {D00: 1 d4 d5: Unusual lines} ({Predecessor:} 6. Nf3 Bxc5 7. Be2 Nc6 8. O-O O-O 9. c4 dxc4 10. Qa4 Qe7 11. Qxc4 b6 12. Nc3 Bb7 13. Qh4 Nb4 14. Rfd1 Rfd8 15. a3 Nd5 16. Nxd5 Rxd5 17. b4 Bd6 18. e4 Rxd1+ 19. Rxd1 Kg7 20. e5 {½-½ (20) Shimanov,A (2626)-Lenderman,A (2626) Saint Louis 2018}) 6... Bd7 {[%mdl 1024] Black has compensation.} 7. Nd2 Nc6 8. Qc3 a5 9. Ngf3 Rc8 10. a3 Nb8 11. b4 b6 12. Qb2 (12. bxa5 {is interesting.} bxc5 13. e4 Bg7 14. exd5 O-O 15. dxe6 Bxe6 16. Be2) 12... axb4 13. axb4 bxc5 14. bxc5 {The position is equal.} Bxc5 15. c4 dxc4 16. Bxc4 O-O 17. O-O Be7 18. Bb5 {Accuracy: White = 43%, Black = 54%.} 1/2-1/2